Statistics for Commonly Confused Words

Click here to take the quiz!

General Stats

  • This quiz has been taken 13 times
  • The average score is 17 of 40

Answer Stats

DefinitionWord% Correct
9possessive form of YOUyour
89%
10contraction of YOU AREyou're
89%
15given lifeborn
78%
17a device for stopping or slowing downbrake
78%
18to shatter or come apartbreak
78%
19not tight or firmloose
78%
20to suffer loss; fail to winlose
78%
3a worker in a mineminer
78%
4under leagal ageminor
78%
11not fancy; undecoratedplain
67%
12a flat surfaceplane
67%
23not crooked or curvedstraight
67%
24channel between two large bodies of waterstrait
67%
36THEY AREthey're
67%
16carried; enduredborne
56%
39silentquiet
56%
35at that placethere
56%
1a rise; a climbascent
44%
5at a subsequent timelater
44%
38head of a schoolprincipal
44%
13middle part of the bodywaist
44%
14useless spending; unused materialwaste
44%
2consentassent
33%
6the second of twolatter
33%
37a basic or general truthprinciple
33%
40considerably or veryquite
33%
27calmnesspeace
22%
22individual; privatepersonal
22%
28a part or portion fo somethingpiece
22%
8something that completes or makes wholecomplement
11%
7praisecompliment
11%
26a group assembled for conferencescouncil
11%
25to advisecounsel
11%
21group of people employed in the same work or servicepersonnel
11%
29rough; crudecoarse
0%
30path of action; passagecourse
0%
31in a strict or dignified mannerformally
0%
32in the pastformerly
0%
34clever; resourcefulingenious
0%
33trusting; frankingenuous
0%

Score Distribution

Percentile by Number Answered

Percent of People with Each Score

Your Score History

You have not taken this quiz